| 000 | 00796nam a22002417a 4500 | ||
|---|---|---|---|
| 001 | 113868 | ||
| 003 | DR-UNIBE | ||
| 005 | 20250827100318.0 | ||
| 008 | 250714b2025 dr ||||| |||| 00| 0 spa d | ||
| 020 | _a9789945950007 | ||
| 040 |
_aBIBLIOTECA UNIBE _cBIBLIOTECA UNIBE _erda |
||
| 041 | _aspa | ||
| 082 | _aRD 720 P849f | ||
| 100 | 1 |
_aPortes Lora, César Rafael _eautor _9197283 |
|
| 245 | 1 | 3 |
_aEl Faro a Colón : _bhistorias y construcción / _c César Rafael Portes Lora |
| 260 |
_aSanto Domingo : _b[Editor no identificado], _c2025 |
||
| 300 |
_a246 páginas : _bilustraciones |
||
| 650 |
_aArquitectura _xHistoria _91603 |
||
| 650 |
_aArquitectura _xDiseño _931507 |
||
| 653 | _aFaro a Colón -- Historia | ||
| 653 | _aFaro a Colón -- Ingeniería y construcción | ||
| 942 |
_2ddc _cBK |
||
| 999 |
_c113868 _d113868 |
||